Anatomía comparada / (Record no. 132695)

MARC details
000 -LEADER
campo de control de longitud fija 00592nam a2200181 4500
001 - NÚMERO DE CONTROL
campo de control 132695
003 - IDENTIFICADOR DE NÚMERO DE CONTROL
campo de control ES-MaACL
007 - CAMPO FIJO DE DESCRIPCIÓN FÍSICA--INFORMACIÓN GENERAL
campo de control de longitud fija t|
008 - DATOS DE LONGITUD FIJA--INFORMACIÓN GENERAL
campo de control de longitud fija 070214s1983 mx r ||||1| spa d
100 1# - ENTRADA PRINCIPAL--NOMBRE DE PERSONA
Nombre de persona Romer, Alfred.
9 (RLIN) 99286
245 10 - MENCIÓN DEL TÍTULO
Título Anatomía comparada /
Mención de responsabilidad, etc. Alfred Romer, Thomas S. Parsons ; traducción de la quinta edición en inglés por Irina Lebedeff.
250 ## - MENCION DE EDICION
Mención de edición 3ª. ed.
260 ## - PUBLICACIÓN, DISTRIBUCIÓN, ETC.
Lugar de publicación, distribución, etc. México :
Nombre del editor, distribuidor, etc. Interamericana,
Fecha de publicación, distribución, etc. 1983.
300 ## - DESCRIPCIÓN FÍSICA
Extensión VII, 428 p. :
Otras características físicas il. ;
Dimensiones 25 cm.
700 1# - ENTRADA AGREGADA--NOMBRE PERSONAL
Nombre de persona Parsons, Thomas S.
9 (RLIN) 89288
700 1# - ENTRADA AGREGADA--NOMBRE PERSONAL
Nombre de persona Lebedeff, Irina.
9 (RLIN) 71003
852 ## - LOCALIZACIÓN
Ubicación ES-MaACL
Número de control de estantería L-7082
Sublocalización o colección R.107886
Holdings
Estatus retirado Estado de pérdida Estado de daño No para préstamo Biblioteca de origen Biblioteca actual Ubicación en estantería Fecha de adquisición Fuente de adquisición Total de préstamos Signatura topográfica completa Código de barras Visto por última vez Precio de reemplazo Tipo de ítem Koha
        Biblioteca del Ateneo de Madrid Biblioteca del Ateneo de Madrid Depósito 2 17/01/2008     L-7082 1138146 23/02/2023 23/02/2023 Libro impreso